000 00477nam a22001937a 4500
003 MPLRDC
005 20220104145315.0
008 210129b ||||| |||| 00| 0 eng d
020 _a7-80619-126-7
082 _a307.8 SDGX
100 _a周文彬主编
245 _a十大物理学家
_c
250 _a初版
260 _a
_b广西科学技术出版社
_c1994
300 _b
490 _a十大物理丛书
650 _a理学家故事
942 _cBK
_o307.8 SDGX
999 _c51242
_d51232